| 000 | 02758nam0a2200445 4500 | ||
|---|---|---|---|
| 001 | RU\NLR\BIBL_A\010303219 | ||
| 005 | 20260503053956.0 | ||
| 010 |
_a978-5-16-006901-2 _bprint |
||
| 010 |
_a978-5-16-100536 _bonline _9400 |
||
| 021 |
_aRU _b2014-9538 _9598 |
||
| 035 | _a(NLR Aleph) 010303219 | ||
| 035 | _a(NILC)RuMoRGB-006747054 | ||
| 090 |
_a10603865 _c10603865 |
||
| 100 | _a20140408d2014 u y0rusy50 ca | ||
| 101 | 0 | _arus | |
| 102 | _aRU | ||
| 105 | _ay|||j||||00yy | ||
| 200 | 1 |
_aДознание в органах внутренних дел _eисторико-правовой аспект _eучебное пособие _eдля студентов высших учебных заведений, обучающихся по направлениям подготовки 031001.65 "Правоохранительная деятельность" и 030901.65 "Правовое обеспечение национальной безопасности" (квалификация - специалист) _fМ. А. Маков, А. В. Борисов, Ю. В. Рыжова, К. Л. Яковлев _gпод общ. ред. д.ю.н., проф. Р. С. Мулукаева |
|
| 210 |
_aМосква _cИНФРА-М _d2014 |
||
| 215 |
_a123, [2] с. _d21 |
||
| 225 | 1 | _aВысшее образование - Бакалавриат | |
| 225 | 1 | _aБакалавриат | |
| 300 | _aНа обороте тит.л. авт.: Маков М. А., Борисов А. В., доц., к.ю.н., Рыжова Ю. В., к.ю.н., Яковлев К. Л., доц., к.ю.н. | ||
| 320 | _aБиблиогр. в конце кн. (126 назв.) и в подстроч. примеч. | ||
| 606 | 1 |
_aДознание _jУчебные издания для высших учебных заведений _yРоссийская Федерация _92077674 _3RU\NLR\auth\661253355 |
|
| 675 | _a351.74(075.8) | ||
| 686 | 1 | _aХ629.372.1я73 | |
| 701 | 1 |
_aМаков _bМ. А. _gМихаил Анатольевич |
|
| 701 | 1 |
_7ca _8rus _aБорисов _bА. В. _cканд. юрид. наук _f1950- _gАлександр Владимирович _95491 _3RU\NLR\AUTH\7722433 |
|
| 701 | 1 |
_aРыжова _bЮ. В. _gЮлия Валерьевна |
|
| 701 | 1 |
_7ca _8rus _aЯковлев _bК. Л. _cд-р юрид. наук _gКонстантин Леонидович _9128401 _3RU\NLR\AUTH\770128432 |
|
| 702 | 1 |
_aМулукаев _bР. С. _f1929- _gРоланд Сергеевич _4340 |
|
| 801 | 0 |
_aRU _bRuMoRKP _c20140227 _gRCR |
|
| 801 | 2 |
_aRU _bРГБ _c20140307 _grcr |
|
| 801 | 1 |
_aRU _bRuMoRKP _c20140227 _2rusmarc |
|
| 942 | _cBOOK | ||
| 980 | _aNBR | ||
| 980 | _aNB | ||